000 00261pam a2200121 a 4500
020 _c
041 _aeng
100 _aS.K.Puelover.
245 _aThe Geniw Of American
_hTextual Documents
260 _a[s.l]:
_bPyramid Books
300 _a384p.
930 _a15559
999 _c92459
_d92459